Shrewsbury quiz - Statistics

General Stats
  • This quiz has been taken 183 times
  • The average score is 8 of 20
Answer Stats
Hint Answer % Correct
Which famous naturalist and biologist was Shrewsbury the birth place of? Charles Darwin
99%
Which river flows through the town? River Severn
64%
Which county is Shrewsbury located in? Shropshire
63%
Which major city lies 48 miles to the east of the town? Birmingham
61%
Shrewsbury is the county town of the county. What is the county's largest town? Telford
54%
What is the name of the main park in the town? The Quarry
51%
What is the name of the famous garden located in the middle of the park? The Dingle
46%
A person from Manchester is a Manc, a person from London is a Londoner. A person from Shrewsbury is a .... Salopian
44%
What is the motto of the town? Floreat Salopia
42%
Which former England international goalkeeper was born in the town? Joe Hart
41%
St Chad's Church is home to a prop gravestone of which Charles Dickens character? Ebenezer Scrooge
39%
How many miles east is the town from the Welsh border? 9
35%
Where do the town's football club play their home games? New Meadow
32%
In which suburb is it located? Meole Brace
27%
What is the name of the town's only toll bridge? Kingsland Bridge
24%
Which animal appears on the town's flag and coat of arms? Loggerhead
24%
Who does the statue on The Square depict? Robert Clive
20%
To the nearest thousand, what is the population of the town? (2011 census) 72,000
14%
What is the Welsh name for the town? Amwythig
12%
What does the motto translate to in English? May Shrewsbury Flourish
10%
No matching quizzes found
Score Distribution
Percent of People with Each Score
Percentile by Number Answered
Your Score History
You have not taken this quiz